Former U.S. State Flags - Statistics

General Stats
  • This quiz has been taken 5 times
  • The average score is 8 of 16
Answer Stats
Picture Hint Answer % Correct
1996-2020 Mississippi
100%
1956-2001 Georgia
80%
1897-1905 Tennessee
80%
2011-2024 Utah
80%
1861-1864 California
60%
1907-1911 Colorado
60%
1911-1925 Oklahoma
60%
1882-1897 Rhode Island
60%
1901-1909 Maine
40%
1983-2024 Minnesota
40%
1915-1929 Nevada
40%
1896-1901 New York
40%
1861-1912 Louisiana
20%
1861-1913 Missouri
20%
1837-1923 Vermont
20%
1875 West Virginia
20%
No matching quizzes found
Score Distribution
Percent of People with Each Score
Percentile by Number Answered
Your Score History
You have not taken this quiz